Image-based case studies in ENT and HEAD & SURGERY

Gespeichert in:
Bibliographische Detailangaben
1. Verfasser: OMAR Rahmat NARAYANAN, Prepageran
Format: Buch
Sprache:Englisch
Veröffentlicht: Jaypee Brothers Medical Publishers 2013
Tags: Tag hinzufügen
Keine Tags, Fügen Sie den ersten Tag hinzu!

MARC

LEADER 00000nam a22000007a 4500
008 211102b ||||| |||| 00| 0 eng d
020 |a 9789350900895 
100 |a OMAR Rahmat  |a NARAYANAN, Prepageran 
245 |a Image-based case studies in ENT and HEAD & SURGERY  |c Rahmat Omar and Prepageran Narayanan  |g 130p.:ill. 
260 |b Jaypee Brothers Medical Publishers  |c 2013  |h New Delhi  |i 697126  |i 697127  |l RF46.Om1  |m Otolaryngology--methods  |m Otorhinolaryngologic Disease   |m Head--surgery  |m Neck--surgery  |m Otorhinolaryngologic Surgical Procedures--methods 
942 |a lcc  |c BK  |e Kuteyi M. A.  |f 2/11/2021 
952 |0 0  |1 0  |2 lcc  |4 0  |6 RF0046 O M1  |7 0  |9 3814  |a HOL  |b HOL  |c QZ  |d 2021-11-02  |l 0  |o RF46.Om1  |p 2021-67545  |r 2021-11-02 00:00:00  |w 2021-11-02  |y BK 
952 |0 0  |1 0  |2 lcc  |4 0  |6 RF0046 O M1  |7 0  |9 3815  |a HOL  |b ML  |c QZ  |d 2021-11-02  |l 0  |o RF46.Om1  |p 2021-67546  |r 2021-11-02 00:00:00  |w 2021-11-02  |y BK 
999 |c 1907  |d 1907